00711 2200241 4500001002100000005001700021008004100038020002200079035002400101040001200125082001700137084002300154100003200177245009800209250001100307260002800318300002200346504003000368650002000398700001700418850001200435990002200447INLIS00000000002584920170227111015.0  a978-602-391-150-9 0010-021700000000663 aYOPDYOG 223a297.3824 aDEP 297.3824 Ali A aALI AMRIN AL-QURAWY, Ustadz aAmpuhnya mukjizat doá & zikir para nabic/ Ustadz Ali Amrin Al-Qurawy ; editor, Rasul Hanafi aCet.1. aYogyakartabSabilc2016 a187 hlm.c; 20 cm aBibliografi : hlm.182-183 aDoá dan Dzikir aRasul Hanafi aYOPDYOG aCB-D.11/2016-1441